000 00829nac a22002171u 4500
010 _a 78889410
082 0 0 _a696.2
_bB6455
090 _c3487
_d3487
100 _aBorodin, Ivan Vasilʹe
245 1 0 _aPipeline and plumbing installation
_c[by] I. V. Borodin. Translated from the Russian by D. A. Schwartz.
260 _aMoscow,
_bMir Publishers,
_c1970.
300 _a437 p.
_billus.
_c21 cm.
500 _aRevised English translation of 1968 Russian ed. published under title Montazh truboprovodov.
500 _aDonaions.
500 _aDonations - Bibliotheca Alexandrina.
504 _aIncludes Index.
650 0 _aPlumbing.
650 0 _aPiping.
942 _cBB
_k696.2B6455
999 _c3487
_d3487